Statistieken voor Lastige Hoofdsteden Europa

Klik hier om de quiz te nemen!

Algemene statistieken

  • Deze quiz is 33 keer genomen
  • De gemiddelde score is 6 van 7

Antwoordstatistieken

HintAntwoord% Correct
LitouwenVilnius
96%
SloveniëLjubljana
92%
MaltaValletta
92%
MoldaviëChisinau
85%
LiechtensteinVaduz
85%
KosovoPristina
81%
MontenegroPodgorica
77%

Scoreverdeling

Percentiel versus Aantal Correcte Antwoorden

Procent van Mensen met Elke Score

Uw Scoregeschiedenis

U heeft deze quiz nog niet genomen